| 000 | 01219nam0a22002771 4500 | ||
|---|---|---|---|
| 001 | rc\4255319 | ||
| 005 | 20130416114543.6 | ||
| 021 |
_aRU _b[59-6942] |
||
| 035 | _a(NLR Aleph) 008478652 | ||
| 090 |
_a7976013 _c7976013 |
||
| 100 | _a20130416d1958 |||y0rusy50 ca | ||
| 101 | 0 | _arus | |
| 102 | _aRU | ||
| 105 | _aa z ||||| | ||
| 200 | 1 |
_aАвтоматизация литья под низким давлением _fГос. науч.-техн. ком-т Совета Министров СССР. Акад. наук СССР. Филиал Всесоюз. ин-та науч. и техн. информации |
|
| 210 |
_aМосква _cБ. и. _d1958 |
||
| 215 |
_a15 с. _cил. _d25 |
||
| 225 | 1 |
_aПередовой научно-технический и производственный опыт _vТема 2 _iЛитейное производство _v№ М-58-441/57 |
|
| 300 | _aНа обл. авт. не указан | ||
| 606 |
_aЛитье под давлением _xАвтоматизация _2psbo |
||
| 700 | 1 |
_aБедель _bВ. К. _gВладимир Константинович |
|
| 801 | 0 |
_aRU _bNLR _gpsbo |
|
| 801 | 1 |
_aRU _bELAR _2rusmarc |
|
| 852 |
_aNLR _jП11/1538 |
||
| 942 | _cBOOK | ||
| 980 | _aNB | ||